Library Banner

The learning self : (Record no. 104795)

MARC details
000 -LEADER
fixed length control field 00672cam a2200217 i 4500
001 - CONTROL NUMBER
control field 17046988
005 - DATE AND TIME OF LATEST TRANSACTION
control field 20180517094203.0
008 - FIXED-LENGTH DATA ELEMENTS--GENERAL INFORMATION
fixed length control field 111116s2012 cau b 001 0 eng
020 ## - INTERNATIONAL STANDARD BOOK NUMBER
International Standard Book Number 9780470393369 (hardback)
040 ## - CATALOGING SOURCE
Transcribing agency PK-LaUMT
082 00 - DEWEY DECIMAL CLASSIFICATION NUMBER
Classification number 370.115
Edition number 23
Item number TEN-L
100 1# - MAIN ENTRY--PERSONAL NAME
Personal name Tennant, Mark
245 14 - TITLE STATEMENT
Title The learning self :
Remainder of title understanding the potential for transformation /
Statement of responsibility, etc Mark Tennant
260 ## - PUBLICATION, DISTRIBUTION, ETC. (IMPRINT)
Place of publication, distribution, etc San Francisco :
Name of publisher, distributor, etc Jossey-Bass,
Date of publication, distribution, etc 2012
300 ## - PHYSICAL DESCRIPTION
Extent xiii, 208 p. ;
Dimensions 24 cm
650 #0 - SUBJECT ADDED ENTRY--TOPICAL TERM
Topical term or geographic name as entry element Transformative learning.
650 #0 - SUBJECT ADDED ENTRY--TOPICAL TERM
Topical term or geographic name as entry element Learning, Psychology of.
650 #0 - SUBJECT ADDED ENTRY--TOPICAL TERM
Topical term or geographic name as entry element Adult learning.
650 #7 - SUBJECT ADDED ENTRY--TOPICAL TERM
Topical term or geographic name as entry element EDUCATION / Adult & Continuing Education.
942 ## - ADDED ENTRY ELEMENTS (KOHA)
Koha item type Books
Holdings
Withdrawn status Lost status Damaged status Home library Current library Date acquired Full call number Barcode Date last seen Price effective from Koha item type
      UMT Main Campus UMT Main Campus 2018-05-17 370.115 TEN-L 121598 2026-05-19 2018-05-17 Books